000 00863nam a2200241Ia 4500
003 OSt
005 20221005112847.0
006 a|||||r|||| 00| 0
007 ta
008 221004b |||||||| |||| 00| 0 pan d
020 _a8187762608 (hbk)
_c450
024 _a95967
037 _b211, 31/12/2008, H.K. Prakashan
_cTextual
040 _aCRL
_cCRL
_bpan
041 _2pan
_apan
082 _aO153,1:g, P7
100 _aਪਾਲ, ਬਲਜਿੰਦਰ
245 0 _aਪ੍ਰਗਤੀਵਾਦੀ ਪੰਜਾਬੀ ਕਵਿਤਾ ਦਾ ਸੁਹਜ ਾਸਤਹੀ ਅਧਿਐਨ
260 _aਦਿੱਲੀ
_bਐੱਚ ਕੇ ਪ੍ਰਕਾਨ ਭਾਰਤ
_c2007
300 _a368ਪੰ
_ccm.
942 _hO153,1:g, P7
_cTEXL
_2cc
999 _c1026219
_d1026219